| 000 | 00974nam a22002537a 4500 | ||
|---|---|---|---|
| 005 | 20170124103044.0 | ||
| 010 | _aB-102945 | ||
| 020 |
_c250.00 _a8170551919 |
||
| 035 | _aB-102945 | ||
| 037 | _bCen Lib/Ret | ||
| 040 |
_aDPL _bHN |
||
| 082 |
_aउ _bप्रेमचं |
||
| 100 |
_aप्रेमचंद _968197 |
||
| 245 |
_aप्रेमाश्रम / _cप्रेमचंद |
||
| 246 |
_aPremashram / _bby Premchand |
||
| 260 |
_aनयी दिल्ली _bवाणी प्रकाशन _c2002 |
||
| 270 |
_bनयी दिल्ली _a21, ए, दरयागंज _e110002 |
||
| 300 |
_a364पृ. _c19सेमी (सजिल्द) |
||
| 650 |
_aहिंदी साहित्य _968198 |
||
| 650 |
_aहिंदी साहित्य _xउपन्यास _942619 |
||
| 650 |
_aHindi literature _968199 |
||
| 650 |
_aHindi literature _xfiction _968200 |
||
| 942 |
_2ddc _cHN _hउ _mप्रेमचं |
||
| 999 |
_c116763 _d116763 |
||